Vede manovijnan mimamsa/ (Record no. 49440)

000 -LEADER
fixed length control field 00373nam a22001571a 4500
020 ## - INTERNATIONAL STANDARD BOOK NUMBER
ISBN 9788180190976
082 ## - DEWEY DECIMAL CLASSIFICATION NUMBER
Classification number S 294.592 1
Item number RAM/V
100 ## - MAIN ENTRY--AUTHOR NAME
Personal name Rama Kumari
245 ## - TITLE STATEMENT
Title Vede manovijnan mimamsa/
Statement of responsibility, etc by Rama Kumari
260 ## - PUBLICATION, DISTRIBUTION, ETC. (IMPRINT)
Place of publication New Delhi:
Name of publisher Sathyam,
Year of publication 2011.
300 ## - PHYSICAL DESCRIPTION
Number of Pages 133p.
650 ## - SUBJECT ADDED ENTRY--TOPICAL TERM
Topical Term Vedic Literature
650 ## - SUBJECT ADDED ENTRY--TOPICAL TERM
Topical Term Hinduism
650 ## - SUBJECT ADDED ENTRY--TOPICAL TERM
Topical Term Religion
942 ## - ADDED ENTRY ELEMENTS (KOHA)
Koha item type Book
Holdings
Withdrawn status Lost status Damaged status Not for loan Permanent Location Current Location Date acquired Cost, normal purchase price Full call number Accession Number Cost, replacement price Price effective from Koha item type
        Sree Sankaracharya University of Sanskrit Sree Sankaracharya University of Sanskrit 08.01.2015 500.00 S 294.5921 RAM/V 072407 0.00 08.01.2015 Book